000 00683nam0a22002291 4500
001 rc\1104224
005 20250622150204.0
035 _a(NLR Aleph) 006349133
090 _a4782529
_c4782529
100 _a20041126d1982 |||y0rusy50 ca
101 0 _arus
102 _aRU
105 _aa |||||||||
200 1 _aБратья
_eРоман
_eПер. с туркм.
_fБеки Сейтаков
_g[Худож. А. Ременник]
210 _aМ.
_cСов. писатель
_d1982
215 _a592 с.
_cил.
_d22
700 1 _aСейтаков
_bБ.
_f1914-1978
_gБеки
801 0 _aRU
_bNLR
_gpsbo
801 1 _aRU
_bELAR
_2rusmarc
852 _aNLR
_j83-5/1333
942 _cBOOK
980 _aNB